[Event "XIV Miedzynarodowe Mistrzostwa Gdanska "]
[Site "Centrum Edukacji Nauczycieli "]
[Date "2012.??.??"]
[Round "8.18"]
[White "Pastuszko, Kinga"]
[Black "Zhuk, Ivan"]
[Result "0-1"]
[WhiteElo "1958"]
[BlackElo "1642"]
[PlyCount "78"]
[EventDate "2012.??.??"]

1. e4 e6 2. d4 d5 3. Nd2 c5 4. exd5 exd5 5. Ngf3 Nf6 6. Bb5+ Bd7 7. Bxd7+ Nbxd7
8. O-O Be7 9. dxc5 Nxc5 10. Nd4 O-O 11. Nf5 Bd6 12. Nxd6 Qxd6 13. Nf3 Nce4 14.
Nd4 Rac8 15. f3 Nc5 16. Be3 Rfe8 17. Qd2 Ne6 18. c3 Nxd4 19. Bxd4 Re6 20. Rad1
Rd8 21. Rfe1 b6 22. Bxf6 Rxf6 23. Qxd5 Kf8 24. Qxd6+ Rfxd6 25. Rxd6 Rxd6 26.
Kf2 h5 27. Ke2 h4 28. Rd1 Rg6 29. Kf2 Ke7 30. Rd4 Rh6 31. Ra4 a5 32. b4 axb4
33. cxb4 Kd6 34. Ra7 f5 35. a4 Kc6 36. Ra8 h3 37. g4 f4 38. Rg8 Rg6 39. Ra8 Rd6
0-1

[Event "XIV Miedzynarodowe Mistrzostwa Gdanska "]
[Site "Centrum Edukacji Nauczycieli "]
[Date "2012.??.??"]
[Round "8.19"]
[White "Tarajkiewicz, Krzysztof"]
[Black "Keely, Leo A"]
[Result "1/2-1/2"]
[WhiteElo "1574"]
[BlackElo "1949"]
[PlyCount "88"]
[EventDate "2012.??.??"]

1. e4 e5 2. Nf3 Nc6 3. d4 exd4 4. Nxd4 Bb4+ 5. c3 Be7 6. Be3 Nf6 7. Nd2 O-O 8.
Be2 d5 9. Nxc6 bxc6 10. Qa4 dxe4 11. Nxe4 Qd5 12. Bf3 Nxe4 13. Bxe4 Qe6 14.
Qxc6 Rb8 15. Qxe6 Bxe6 16. b3 Bf6 17. Rc1 a5 18. O-O a4 19. Bd4 axb3 20. axb3
Rxb3 21. Bxf6 gxf6 22. Rfd1 Rfb8 23. g3 c5 24. Bd5 Rb2 25. c4 Ra2 26. Rb1 Rxb1
27. Rxb1 Bxd5 28. Rb8+ Kg7 29. cxd5 Rd2 30. Rd8 f5 31. d6 c4 32. d7 c3 33. Rc8
Rxd7 34. Rxc3 Rd4 35. Kg2 h5 36. h4 f4 37. Kf3 fxg3 38. fxg3 Rb4 39. Rc5 Rb3+
40. Kf4 Rb4+ 41. Kg5 Rg4+ 42. Kxh5 Rxg3 43. Rg5+ Rxg5+ 44. Kxg5 f6+ 1/2-1/2

[Event "XIV Miedzynarodowe Mistrzostwa Gdanska "]
[Site "Centrum Edukacji Nauczycieli "]
[Date "2012.??.??"]
[Round "8.21"]
[White "Smalara, Kazimierz"]
[Black "Kindler, Przemyslaw"]
[Result "1-0"]
[WhiteElo "1951"]
[BlackElo "1787"]
[PlyCount "95"]
[EventDate "2012.??.??"]

1. Nf3 d5 2. b3 c5 3. d4 cxd4 4. Nxd4 e5 5. Nf3 f6 6. e3 Bg4 7. Be2 Ne7 8. O-O
g6 9. Bb2 Bg7 10. Qd2 O-O 11. Rd1 Qc7 12. Na3 Nbc6 13. c4 dxc4 14. Bxc4+ Kh8
15. Be2 Rad8 16. Qe1 a6 17. Rac1 b5 18. h3 Be6 19. Rd2 Rxd2 20. Qxd2 Rd8 21.
Qe1 Nd5 22. Nc2 Qb6 23. b4 Bf5 24. a3 Bh6 25. Kh1 Qb7 26. Na1 Nb6 27. Nb3 Na4
28. Nc5 Nxc5 29. Rxc5 Bf8 30. Rc1 Bd3 31. Bxd3 Rxd3 32. Qe2 Rd6 33. Qc2 Qd7 34.
Kh2 Kg7 35. Bc3 Be7 36. Nd2 Nd8 37. Ne4 Rd5 38. Qb2 Nf7 39. Qc2 f5 40. Ng3 Bf6
41. e4 fxe4 42. Nxe4 Ng5 43. Nxf6 Kxf6 44. f4 Nf7 45. Rf1 Ke6 46. f5+ Ke7 47.
fxg6 hxg6 48. Qxg6 1-0

[Event "XIV Miedzynarodowe Mistrzostwa Gdanska "]
[Site "Centrum Edukacji Nauczycieli "]
[Date "2012.??.??"]
[Round "8.22"]
[White "Janik, Igor"]
[Black "Plewa, Piotr"]
[Result "0-1"]
[WhiteElo "1767"]
[BlackElo "1900"]
[PlyCount "112"]
[EventDate "2012.??.??"]

1. e4 c5 2. Nf3 e6 3. d4 cxd4 4. Nxd4 a6 5. Bd3 Qc7 6. O-O Nf6 7. Nc3 Bc5 8.
Nb3 Be7 9. Be3 d6 10. a4 b6 11. a5 b5 12. Bb6 Qb7 13. f4 Nbd7 14. Bd4 e5 15.
fxe5 Nxe5 16. Qe2 O-O 17. Nd5 Be6 18. Nxe7+ Qxe7 19. Nd2 Rac8 20. c3 Nfd7 21.
Bb1 f6 22. Ba2 Bxa2 23. Rxa2 Rfe8 24. Raa1 Nc4 25. Nxc4 Rxc4 26. b3 Rc7 27.
Rae1 Nc5 28. b4 Nxe4 29. Rf3 d5 30. Re3 Qf7 31. Bc5 Rc6 32. Qd3 h6 33. Bd4 Rce6
34. Qf1 Ng5 35. Qf5 Rxe3 36. Rxe3 Rxe3 37. Bxe3 Qe6 38. Qxe6+ Nxe6 39. h4 h5
40. Kf2 Kf7 41. Kf3 Kg6 42. g3 Kf5 43. Bb6 g5 44. Ba7 Ke5 45. Bb8+ Kf5 46. Ba7
Nd8 47. Bb6 Nc6 48. Bd4 Ne5+ 49. Ke3 gxh4 50. gxh4 Kg4 51. Bb6 Nc6 52. Bc7 Kxh4
53. Kf4 Kh3 54. Kf5 Kg2 55. Kxf6 h4 56. Ke6 d4 0-1

[Event "XIV Miedzynarodowe Mistrzostwa Gdanska "]
[Site "Centrum Edukacji Nauczycieli "]
[Date "2012.??.??"]
[Round "8.23"]
[White "Maksimenko, Andrei Jr"]
[Black "Moszczenski, Milosz"]
[Result "0-1"]
[WhiteElo "1874"]
[BlackElo "1718"]
[PlyCount "46"]
[EventDate "2012.??.??"]

1. e4 c6 2. d4 d5 3. Nc3 dxe4 4. Nxe4 Nd7 5. Nf3 Ngf6 6. Ng3 e6 7. Bd3 c5 8. c3
cxd4 9. Nxd4 Bc5 10. Bc2 O-O 11. O-O Qc7 12. Bg5 b6 13. Ne4 Nxe4 14. Bxe4 Ba6
15. Re1 Rae8 16. Qa4 Nb8 17. Rad1 h6 18. Bh4 Bxd4 19. Qxd4 f5 20. Bc2 g5 21.
Bb3 Bc8 22. f3 gxh4 23. Qxh4 Qg7 0-1

[Event "XIV Miedzynarodowe Mistrzostwa Gdanska "]
[Site "Centrum Edukacji Nauczycieli "]
[Date "2012.??.??"]
[Round "8.24"]
[White "Sieklucki, Adam"]
[Black "Badyra, Wasyl"]
[Result "1-0"]
[WhiteElo "1847"]
[BlackElo "1650"]
[PlyCount "67"]
[EventDate "2012.??.??"]

1. d4 d5 2. Nf3 Nf6 3. c4 c6 4. Nc3 dxc4 5. a4 Bf5 6. e3 e6 7. Bxc4 c5 8. Qb3
b6 9. Bb5+ Nbd7 10. Ne5 Bd6 11. e4 Bxe5 12. dxe5 Nxe4 13. Bc6 Nxc3 14. Qxc3 Rc8
15. Bb5 O-O 16. O-O Qc7 17. Bf4 h6 18. Qg3 Kh8 19. Ra3 Rg8 20. Re1 Rcd8 21. Qh4
Kh7 22. Bg5 Rc8 23. g4 Bg6 24. f4 Rh8 25. Be7 Kg8 26. Ba6 Re8 27. Bd6 Qd8 28.
Qg3 Qa8 29. Bb5 Qb7 30. Qg2 Qxg2+ 31. Kxg2 Rd8 32. Be7 Re8 33. Bh4 f6 34. Bxd7
1-0

[Event "XIV Miedzynarodowe Mistrzostwa Gdanska "]
[Site "Centrum Edukacji Nauczycieli "]
[Date "2012.??.??"]
[Round "8.25"]
[White "Teclaf, Pawel"]
[Black "Pofelski, Andrzej"]
[Result "0-1"]
[WhiteElo "1631"]
[BlackElo "1842"]
[PlyCount "21"]
[EventDate "2012.??.??"]

1. e4 c6 2. d4 d5 3. exd5 cxd5 4. Bd3 Nc6 5. c3 Nf6 6. Bf4 Bg4 7. Qb3 Na5 8.
Qb5+ Bd7 9. Bc7 Qxc7 10. Qc5 Qxc5 11. dxc5 0-1

[Event "XIV Miedzynarodowe Mistrzostwa Gdanska "]
[Site "Centrum Edukacji Nauczycieli "]
[Date "2012.??.??"]
[Round "8.26"]
[White "Zwara, Szymon"]
[Black "Ciesielski, Tomasz"]
[Result "1-0"]
[WhiteElo "1737"]
[BlackElo "1837"]
[PlyCount "51"]
[EventDate "2012.??.??"]

1. e4 e6 2. d4 d5 3. Nc3 Nf6 4. Bg5 Be7 5. e5 Nfd7 6. h4 f6 7. exf6 Nxf6 8. Bd3
c6 9. Nf3 Nbd7 10. Qe2 Nf8 11. Ne5 Rg8 12. Bxf6 Bxf6 13. Bxh7 Nxh7 14. Qh5+ Ke7
15. Qxh7 Qe8 16. O-O-O Bxe5 17. dxe5 Bd7 18. f4 Qf7 19. Rdf1 Rh8 20. Qd3 Rh6
21. g4 Rah8 22. h5 Kd8 23. Qf3 Rf8 24. Ne2 c5 25. Qa3 Bb5 26. Qa5+ 1-0

[Event "XIV Miedzynarodowe Mistrzostwa Gdanska "]
[Site "Centrum Edukacji Nauczycieli "]
[Date "2012.??.??"]
[Round "8.27"]
[White "Szymanowski, Mateusz"]
[Black "Czarkowski, Tomasz"]
[Result "1-0"]
[WhiteElo "1833"]
[BlackElo "1636"]
[PlyCount "43"]
[EventDate "2012.??.??"]

1. e4 e5 2. Nf3 Nc6 3. d4 exd4 4. Bc4 Bc5 5. c3 Nf6 6. cxd4 Bb4+ 7. Bd2 Qe7 8.
e5 d6 9. Bxb4 Nxb4 10. Qa4+ Nc6 11. d5 Bd7 12. dxc6 Bxc6 13. Bb5 Bxb5 14. Qxb5+
c6 15. Qe2 dxe5 16. Qxe5 Qxe5+ 17. Nxe5 O-O 18. O-O Rfe8 19. Re1 Rad8 20. Nc3
Nd5 21. Nxd5 Rxd5 22. Nxc6 1-0

[Event "XIV Miedzynarodowe Mistrzostwa Gdanska "]
[Site "Centrum Edukacji Nauczycieli "]
[Date "2012.??.??"]
[Round "8.28"]
[White "Szczepaniec, Stanislaw"]
[Black "Bobryk, Konrad"]
[Result "1-0"]
[WhiteElo "2059"]
[BlackElo "1558"]
[PlyCount "61"]
[EventDate "2012.??.??"]

1. c4 e5 2. Nc3 Bb4 3. g3 Bxc3 4. bxc3 Nc6 5. Bg2 d6 6. Nf3 Nf6 7. O-O O-O 8.
Rb1 Rb8 9. d3 Be6 10. h3 Qd7 11. Kh2 h6 12. e4 Nh7 13. Nh4 g5 14. Nf5 Bxf5 15.
exf5 Qxf5 16. f4 Qd7 17. fxg5 hxg5 18. Qh5 f6 19. h4 Qe8 20. Qh6 g4 21. Be4 Qe7
22. Qh5 Kh8 23. Qxg4 Rg8 24. Qh5 Qg7 25. Rf3 Ne7 26. Qxh7+ Qxh7 27. Bxh7 Kxh7
28. Rxf6 b6 29. Bg5 Rg7 30. Rbf1 Rbg8 31. Rh6# 1-0

[Event "XIV Miedzynarodowe Mistrzostwa Gdanska "]
[Site "Centrum Edukacji Nauczycieli "]
[Date "2012.??.??"]
[Round "8.29"]
[White "Kotlowska, Anna"]
[Black "Wyrwa, Zdzislaw"]
[Result "1-0"]
[WhiteElo "1647"]
[BlackElo "1946"]
[PlyCount "93"]
[EventDate "2012.??.??"]

1. e4 c5 2. Nf3 e6 3. d4 cxd4 4. Nxd4 Nc6 5. c4 a6 6. Nc3 Nf6 7. Nxc6 dxc6 8.
Qxd8+ Kxd8 9. f3 e5 10. Be3 Kc7 11. c5 Be6 12. Be2 a5 13. Na4 Nh5 14. g3 g6 15.
O-O Be7 16. Nb6 Ra7 17. Bc4 Bxc4 18. Nxc4 f6 19. Rfd1 Ng7 20. Nb6 Rd8 21. Rxd8
Kxd8 22. Rd1+ Ke8 23. Kf2 Ne6 24. Nc8 Ra8 25. Nxe7 Kxe7 26. a4 h5 27. Rd3 Ra7
28. Ke2 Ke8 29. Rb3 Kd7 30. Kd3 Ke7 31. Kc4 Kf7 32. f4 exf4 33. gxf4 f5 34.
exf5 gxf5 35. Rd3 Ke7 36. Bd2 Ra8 37. Rb3 Rb8 38. Rh3 Rh8 39. Rh4 Nf8 40. Bc3
Rh7 41. Rh3 Ne6 42. Rf3 Nc7 43. Bxa5 Nd5 44. b4 Rg7 45. b5 Rg4 46. bxc6 bxc6
47. Bd2 1-0

[Event "XIV Miedzynarodowe Mistrzostwa Gdanska "]
[Site "Centrum Edukacji Nauczycieli "]
[Date "2012.??.??"]
[Round "8.30"]
[White "Dobrowolski, Henryk"]
[Black "Wyczling, Bartosz"]
[Result "0-1"]
[WhiteElo "1883"]
[BlackElo "1591"]
[PlyCount "80"]
[EventDate "2012.??.??"]

1. d4 Nf6 2. c4 c5 3. d5 b5 4. b3 bxc4 5. bxc4 d6 6. Nc3 g6 7. e4 Bg7 8. Bd2
Nbd7 9. Nf3 O-O 10. Bd3 Ng4 11. h3 Nge5 12. Nxe5 Nxe5 13. Be2 Ba6 14. Qa4 Qc8
15. Rb1 Nd7 16. Qc2 Nb6 17. Nb5 Qd7 18. a4 Bb7 19. a5 Nc8 20. O-O e6 21. Bc3
Bxc3 22. Nxc3 Ne7 23. Bg4 Rab8 24. Rfd1 h5 25. Bf3 exd5 26. cxd5 Kh7 27. Qd2 f5
28. Qg5 a6 29. Re1 Rf7 30. e5 Rg7 31. exd6 Qxd6 32. Re6 Qd7 33. Reb6 Nc8 34.
Re6 Bxd5 35. Bxd5 Rxb1+ 36. Nxb1 Qxd5 37. Re1 c4 38. Qc1 Qxa5 39. Re8 Nd6 40.
Ra8 Ne4 0-1

[Event "XIV Miedzynarodowe Mistrzostwa Gdanska "]
[Site "Centrum Edukacji Nauczycieli "]
[Date "2012.??.??"]
[Round "8.31"]
[White "Vakhitov, Dmitri"]
[Black "Grota, Mateusz"]
[Result "0-1"]
[WhiteElo "1643"]
[BlackElo "1815"]
[PlyCount "78"]
[EventDate "2012.??.??"]

1. d4 Nf6 2. c4 d6 3. Nc3 g6 4. g3 Bg7 5. Bg2 O-O 6. Nf3 Nbd7 7. O-O c6 8. e4
e5 9. h3 Qe7 10. Re1 Ne8 11. a3 a5 12. Rb1 f5 13. b4 axb4 14. axb4 Nef6 15.
exf5 gxf5 16. dxe5 Nxe5 17. Nxe5 dxe5 18. f4 Rd8 19. Qe2 Ne4 20. Nxe4 fxe4 21.
fxe5 Qxe5 22. Bf4 Qd4+ 23. Kh2 Re8 24. Rbd1 Qf6 25. Rd6 Qf7 26. Qc2 Bf5 27. Qb3
Bf8 28. Rd2 b5 29. Rde2 bxc4 30. Qb1 Ra4 31. Bxe4 Rxb4 32. Qc2 Rxe4 33. Rxe4 c3
34. Qg2 Bxe4 35. Rxe4 Rb2 36. Re2 Qa2 37. Kh1 Rxe2 38. Qg1 Qd5+ 39. Qg2 Qxg2#
0-1

[Event "XIV Miedzynarodowe Mistrzostwa Gdanska "]
[Site "Centrum Edukacji Nauczycieli "]
[Date "2012.??.??"]
[Round "8.32"]
[White "Zaytseva, Kira"]
[Black "Traczewski, Wojciech"]
[Result "0-1"]
[WhiteElo "1643"]
[BlackElo "1778"]
[PlyCount "42"]
[EventDate "2012.??.??"]

1. e4 e6 2. d4 d5 3. e5 c5 4. Qg4 cxd4 5. Bd3 Nc6 6. Nf3 Qc7 7. Qg3 Nge7 8. O-O
Ng6 9. Re1 Bd7 10. a3 O-O-O 11. h4 f6 12. Bxg6 hxg6 13. Bf4 f5 14. Ng5 Be7 15.
Nf7 Rxh4 16. Nxd8 Qxd8 17. Kf1 d3 18. cxd3 Rh1+ 19. Ke2 Nd4+ 20. Kd2 Rxe1 21.
Kxe1 Nc2+ 0-1

[Event "XIV Miedzynarodowe Mistrzostwa Gdanska "]
[Site "Centrum Edukacji Nauczycieli "]
[Date "2012.??.??"]
[Round "8.33"]
[White "Grabarczyk, Sylwester"]
[Black "Gostomski, Mariusz"]
[Result "0-1"]
[WhiteElo "1746"]
[BlackElo "1588"]
[PlyCount "50"]
[EventDate "2012.??.??"]

1. e4 d6 2. d4 Nf6 3. Bb5+ c6 4. Bd3 e5 5. c3 Be7 6. f4 O-O 7. f5 d5 8. dxe5
Nxe4 9. Qf3 Nd7 10. Bf4 Ndc5 11. g4 Nxd3+ 12. Qxd3 Bh4+ 13. Bg3 Qg5 14. Nd2
Qxg4 15. Ne2 Bxf5 16. Qf3 Bxg3+ 17. Nxg3 Qxf3 18. Nxf3 Nxg3 19. hxg3 Be4 20.
Kf2 Bxf3 21. Kxf3 Rae8 22. Rh5 f6 23. exf6 Rxf6+ 24. Kg4 Re4+ 25. Kh3 Re2 0-1

[Event "XIV Miedzynarodowe Mistrzostwa Gdanska "]
[Site "Centrum Edukacji Nauczycieli "]
[Date "2012.??.??"]
[Round "8.34"]
[White "Wyczling, Artur"]
[Black "Pham, Juliusz"]
[Result "0-1"]
[WhiteElo "1499"]
[BlackElo "1714"]
[PlyCount "72"]
[EventDate "2012.??.??"]

1. d4 Nf6 2. c4 g6 3. Nc3 Bg7 4. e4 d6 5. f3 O-O 6. Be3 e5 7. d5 c6 8. Nge2 a6
9. g4 cxd5 10. cxd5 Nbd7 11. Ng3 b5 12. Qd2 Bb7 13. h4 Rc8 14. h5 Nb6 15. Bh6
Qe7 16. Bxg7 Kxg7 17. hxg6 fxg6 18. Qh6+ Kg8 19. g5 Nfd7 20. Be2 Nc4 21. Bxc4
Rxc4 22. O-O b4 23. Nd1 Rc2 24. Rb1 Qd8 25. Ne3 Qb6 26. Rbe1 Rxb2 27. Rf2 Rxf2
28. Kxf2 Nc5 29. Kg2 Nd3 30. Rh1 Nf4+ 31. Kf2 Rf7 32. Ngf5 gxf5 33. exf5 Bxd5
34. g6 Nxg6 35. fxg6 Rxf3+ 36. Ke2 Qxe3+ 0-1

[Event "XIV Miedzynarodowe Mistrzostwa Gdanska "]
[Site "Centrum Edukacji Nauczycieli "]
[Date "2012.??.??"]
[Round "8.35"]
[White "Ciszewski, Marek"]
[Black "Bieszk, Stanislaw"]
[Result "1-0"]
[WhiteElo "1953"]
[BlackElo "1700"]
[PlyCount "43"]
[EventDate "2012.??.??"]

1. e4 c5 2. Nf3 d6 3. d4 cxd4 4. Nxd4 Nf6 5. Nc3 a6 6. Bc4 e6 7. Bg5 Be7 8. Qd2
Nc6 9. O-O-O O-O 10. h4 Nxe4 11. Nxe4 d5 12. Nxc6 bxc6 13. Bb3 f6 14. Bf4 dxe4
15. Qe3 Qe8 16. Qxe4 f5 17. Bxe6+ Kh8 18. Qe3 Bg5 19. hxg5 Qxe6 20. Qh3 Qg6 21.
Rd6 Be6 22. Rxe6 1-0

[Event "XIV Miedzynarodowe Mistrzostwa Gdanska "]
[Site "Centrum Edukacji Nauczycieli "]
[Date "2012.??.??"]
[Round "8.36"]
[White "Cybulski, Ryszard"]
[Black "Zaleski, Lukasz"]
[Result "0-1"]
[WhiteElo "1925"]
[BlackElo "1652"]
[PlyCount "34"]
[EventDate "2012.??.??"]

1. e4 e6 2. d4 d5 3. Nc3 Nf6 4. Bg5 Be7 5. e5 Nfd7 6. Bxe7 Qxe7 7. f4 O-O 8.
Nf3 c5 9. Nb5 Nc6 10. Nd6 f6 11. c3 fxe5 12. fxe5 cxd4 13. cxd4 Rxf3 14. Qxf3
Nxd4 15. Qf2 Nc6 16. Bb5 Ndxe5 17. O-O Qxd6 0-1

[Event "XIV Miedzynarodowe Mistrzostwa Gdanska "]
[Site "Centrum Edukacji Nauczycieli "]
[Date "2012.??.??"]
[Round "8.37"]
[White "Tamon, Radoslaw"]
[Black "Les, Czeslaw"]
[Result "0-1"]
[WhiteElo "1623"]
[BlackElo "1915"]
[PlyCount "46"]
[EventDate "2012.??.??"]

1. d4 d5 2. c4 Nf6 3. cxd5 Nxd5 4. e4 Nf6 5. Nc3 e5 6. Nf3 exd4 7. Qxd4 Qxd4 8.
Nxd4 Bb4 9. Bd3 O-O 10. Ndb5 Na6 11. a3 Ba5 12. Bg5 Nc5 13. Bc2 Nfxe4 14. b4
Nxg5 15. bxa5 Re8+ 16. Kf1 Na6 17. h4 Ne6 18. Kg1 Bd7 19. Bd3 Nac5 20. Bc4 a6
21. Bxe6 Nxe6 22. a4 axb5 23. axb5 Nf4 0-1

[Event "XIV Miedzynarodowe Mistrzostwa Gdanska "]
[Site "Centrum Edukacji Nauczycieli "]
[Date "2012.??.??"]
[Round "8.38"]
[White "Pawlowski, Pawel"]
[Black "Frej, Zofia"]
[Result "1-0"]
[WhiteElo "1837"]
[BlackElo "1545"]
[PlyCount "41"]
[EventDate "2012.??.??"]

1. c4 c5 2. Nf3 Nc6 3. d4 cxd4 4. Nxd4 Nf6 5. Nc3 d5 6. cxd5 Nxd5 7. Nxc6 bxc6
8. e4 Nxc3 9. Qxd8+ Kxd8 10. bxc3 Be6 11. Bf4 a5 12. Be2 f6 13. O-O Bf7 14.
Rfd1+ Ke8 15. e5 h5 16. h4 Rg8 17. exf6 exf6 18. Bf3 Rc8 19. Re1+ Kd7 20. Rad1+
Bd5 21. c4 1-0

[Event "XIV Miedzynarodowe Mistrzostwa Gdanska "]
[Site "Centrum Edukacji Nauczycieli "]
[Date "2012.??.??"]
[Round "8.39"]
[White "Belczewski, Jacek"]
[Black "Wojszkun, Tadeusz"]
[Result "1-0"]
[WhiteElo "1498"]
[BlackElo "1809"]
[PlyCount "83"]
[EventDate "2012.??.??"]

1. d4 d5 2. c4 e6 3. Nc3 Nf6 4. Bg5 Nbd7 5. Nf3 c6 6. e3 Qa5 7. Nd2 Ne4 8.
Ndxe4 dxe4 9. Bf4 Bb4 10. Qc2 O-O 11. Be2 e5 12. dxe5 Nxe5 13. Bxe5 Qxe5 14.
O-O-O Bf5 15. Rd4 Bxc3 16. Qxc3 Rad8 17. g3 c5 18. Rxd8 Qxc3+ 19. bxc3 Rxd8 20.
Rd1 Rxd1+ 21. Bxd1 Be6 22. Be2 Kf8 23. Kb2 Ke7 24. Kb3 Kd6 25. Kc2 Bh3 26. f3
Bg2 27. f4 Kc6 28. Kd2 f5 29. g4 Bh3 30. g5 Bg4 31. Bxg4 fxg4 32. Ke2 g6 33.
Kd2 Kb6 34. Kc2 Ka5 35. Kb3 a6 36. Ka3 b5 37. Kb3 b4 38. cxb4+ cxb4 39. c5 Kb5
40. c6 Kxc6 41. Kxb4 Kb6 42. Kc4 1-0

[Event "XIV Miedzynarodowe Mistrzostwa Gdanska "]
[Site "Centrum Edukacji Nauczycieli "]
[Date "2012.??.??"]
[Round "8.40"]
[White "Wicikowska, Agata"]
[Black "Cichocka, Urszula"]
[Result "0-1"]
[WhiteElo "1487"]
[BlackElo "1723"]
[PlyCount "58"]
[EventDate "2012.??.??"]

1. Nf3 d5 2. d4 Nf6 3. Bg5 Bf5 4. Nh4 Qd7 5. e3 Ne4 6. Bd3 Nxg5 7. Bxf5 e6 8.
Bd3 Ne4 9. Nd2 Nxd2 10. Qxd2 c5 11. c3 Nc6 12. Nf3 c4 13. Bc2 Bd6 14. e4 dxe4
15. Bxe4 O-O 16. O-O f5 17. Bc2 Rae8 18. Rfe1 Bb8 19. Rad1 Qd5 20. Ne5 Nxe5 21.
dxe5 Qc5 22. Qd4 Qb5 23. b3 cxb3 24. Bxb3 Re7 25. f4 Rc8 26. Rd3 Bc7 27. Kh1
Rd8 28. Bc4 Qc6 29. Qxa7 Qxc4 0-1

[Event "XIV Miedzynarodowe Mistrzostwa Gdanska "]
[Site "Centrum Edukacji Nauczycieli "]
[Date "2012.??.??"]
[Round "8.41"]
[White "Serbinowski, Mieczyslaw"]
[Black "Wozniak, Konrad"]
[Result "0-1"]
[WhiteElo "1802"]
[BlackElo "1595"]
[PlyCount "52"]
[EventDate "2012.??.??"]

1. e4 e6 2. f4 d5 3. exd5 exd5 4. d4 Nf6 5. Bd3 Bd6 6. Nf3 Bg4 7. O-O O-O 8. h3
Bxf3 9. Qxf3 c6 10. c3 Nbd7 11. Nd2 Qb6 12. Nb3 Rfe8 13. Bd2 Rac8 14. Rae1 c5
15. dxc5 Nxc5 16. Rxe8+ Rxe8 17. Be3 Rxe3 18. Qxe3 Nxd3 19. Qxb6 axb6 20. Nd4
Nxf4 21. Nf5 Bc5+ 22. Kh2 Nd3 23. b3 g6 24. Nd4 Bd6+ 25. Kh1 Ne4 26. g4 Ng3+
0-1

[Event "XIV Miedzynarodowe Mistrzostwa Gdanska "]
[Site "Centrum Edukacji Nauczycieli "]
[Date "2012.??.??"]
[Round "8.42"]
[White "Garbowski, Jakub"]
[Black "Czerwinski, Bogumil"]
[Result "1/2-1/2"]
[WhiteElo "1572"]
[BlackElo "1739"]
[PlyCount "50"]
[EventDate "2012.??.??"]

1. e4 c5 2. Nf3 Nc6 3. d4 cxd4 4. Nxd4 Nf6 5. Nc3 e5 6. Ndb5 d6 7. Bg5 Be7 8.
Bxf6 gxf6 9. Nd5 Rb8 10. c4 a6 11. Nbc3 f5 12. Qh5 Nd4 13. Bd3 f4 14. Qh6 Kd7
15. Nxe7 Qxe7 16. Nd5 Qf8 17. Qg5 h6 18. Qg4+ Kc6 19. Qd1 Kd7 20. b4 h5 21. Rc1
b6 22. Qa4+ Ke6 23. c5 b5 24. Qa3 Bb7 25. Bb1 f5 1/2-1/2

[Event "XIV Miedzynarodowe Mistrzostwa Gdanska "]
[Site "Centrum Edukacji Nauczycieli "]
[Date "2012.??.??"]
[Round "8.44"]
[White "Zelajtys, Jozef"]
[Black "Kostecki, Samuel"]
[Result "1/2-1/2"]
[WhiteElo "1628"]
[BlackElo "1447"]
[PlyCount "85"]
[EventDate "2012.??.??"]

1. e4 c5 2. Nf3 e6 3. d4 cxd4 4. Nxd4 a6 5. Nd2 Nc6 6. N2f3 Qc7 7. a3 Nf6 8.
Nxc6 Qxc6 9. e5 Ne4 10. Be3 d6 11. Bd3 Nc5 12. O-O Nxd3 13. Qxd3 dxe5 14. Rad1
Qc7 15. Nxe5 Be7 16. Nc4 O-O 17. Bb6 Qc6 18. b3 Bc5 19. Bxc5 Qxc5 20. b4 Qc7
21. Qd4 b5 22. Nb6 Rb8 23. Nxc8 Rbxc8 24. Rd3 Rfd8 25. Qe4 Rxd3 26. cxd3 Qc3
27. Qb7 Qc6 28. Qa7 Rc7 29. Qd4 Rd7 30. Qe4 Qxe4 31. dxe4 Rd3 32. Ra1 Kf8 33.
f3 Ke7 34. Kf1 Kd6 35. Ke2 Rb3 36. f4 Rb2+ 37. Ke3 Rxg2 38. Rd1+ Ke7 39. e5
Rxh2 40. Ra1 Rh3+ 41. Kd4 Kd7 42. a4 f6 43. axb5 1/2-1/2

[Event "XIV Miedzynarodowe Mistrzostwa Gdanska "]
[Site "Centrum Edukacji Nauczycieli "]
[Date "2012.??.??"]
[Round "8.47"]
[White "Przybylowicz, Kazimierz"]
[Black "Paziak, Patryk"]
[Result "1-0"]
[WhiteElo "1724"]
[BlackElo "1744"]
[PlyCount "97"]
[EventDate "2012.??.??"]

1. e4 e6 2. d4 d5 3. exd5 exd5 4. Nf3 Bd6 5. c4 dxc4 6. Bxc4 h6 7. Be3 Ne7 8.
h3 O-O 9. O-O c6 10. Nc3 b5 11. Bd3 Bf5 12. Re1 a6 13. Rc1 Nd7 14. Ne4 Bxe4 15.
Bxe4 Rc8 16. Qd2 f5 17. Bxh6 gxh6 18. Qxh6 Rf6 19. Qh4 Qf8 20. Bc2 Qh6 21. Bb3+
Kg7 22. Qxh6+ Kxh6 23. Ne5 Bxe5 24. dxe5 Rg6 25. f4 Nb6 26. Red1 Ned5 27. Bxd5
cxd5 28. Rxc8 Nxc8 29. Rxd5 Re6 30. Kf2 Nb6 31. Rd1 Na4 32. Kf3 Nc5 33. g4 Kg6
34. Rg1 fxg4+ 35. hxg4 Kf7 36. b4 Nd3 37. a3 Nb2 38. Re1 Nc4 39. Ke4 Nxa3 40.
f5 Rc6 41. Kd5 Rc4 42. e6+ Ke7 43. g5 Nc2 44. f6+ Kf8 45. Rh1 Kg8 46. e7 Rc8
47. g6 Ne3+ 48. Ke4 Ng4 49. f7+ 1-0

[Event "XIV Miedzynarodowe Mistrzostwa Gdanska "]
[Site "Centrum Edukacji Nauczycieli "]
[Date "2012.??.??"]
[Round "9.2"]
[White "Cyborowski, Lukasz"]
[Black "Stovring, Claus"]
[Result "1-0"]
[WhiteElo "2555"]
[BlackElo "2013"]
[PlyCount "51"]
[EventDate "2012.??.??"]

1. d4 Nf6 2. c4 g6 3. Nc3 Bg7 4. e4 d6 5. Bg5 c5 6. d5 O-O 7. Qd2 Re8 8. Bd3 e6
9. Nge2 Nbd7 10. dxe6 fxe6 11. f4 Qb6 12. O-O d5 13. e5 Ng4 14. h3 Nh6 15. Bxh6
Bxh6 16. Qc2 Nf8 17. Kh1 Qd8 18. cxd5 Qh4 19. d6 a6 20. Ne4 Nd7 21. Nxc5 Nxc5
22. Qxc5 Bd7 23. Qf2 Qd8 24. Rac1 Bc6 25. Nd4 Bd5 26. Bc4 1-0

[Event "XIV Miedzynarodowe Mistrzostwa Gdanska "]
[Site "Centrum Edukacji Nauczycieli "]
[Date "2012.??.??"]
[Round "9.4"]
[White "Gorniewicz, Oskar"]
[Black "Strzemiecki, Zbigniew"]
[Result "0-1"]
[WhiteElo "1961"]
[BlackElo "2433"]
[PlyCount "57"]
[EventDate "2012.??.??"]

1. d4 Nf6 2. c4 e6 3. a3 b6 4. Nc3 Bb7 5. Nf3 d5 6. Bg5 Be7 7. cxd5 exd5 8. e3
O-O 9. Bd3 c5 10. O-O Nbd7 11. Kh1 Re8 12. Qe2 Ne4 13. Bxe7 Qxe7 14. Rae1 a6
15. Nd1 Qd6 16. Nh4 cxd4 17. Nf5 Qf6 18. Nxd4 Ne5 19. Bb1 a5 20. a4 Ba6 21. Nb5
Qh4 22. g3 Qh3 23. Rg1 Ng4 24. f3 Nef2+ 25. Qxf2 Nxf2+ 26. Nxf2 Qd7 27. Bd3
Rac8 28. Re2 Qe7 29. Rd1 0-1

[Event "XIV Miedzynarodowe Mistrzostwa Gdanska "]
[Site "Centrum Edukacji Nauczycieli "]
[Date "2012.??.??"]
[Round "9.5"]
[White "Khamitskiy, Sergei"]
[Black "Bugalski, Michal"]
[Result "1/2-1/2"]
[WhiteElo "2290"]
[BlackElo "2193"]
[PlyCount "35"]
[EventDate "2012.??.??"]

1. d4 Nf6 2. c4 e6 3. g3 Bb4+ 4. Nd2 c5 5. a3 Bxd2+ 6. Qxd2 Nc6 7. dxc5 Ne4 8.
Qe3 Qa5+ 9. Bd2 Nxd2 10. Qxd2 Qxc5 11. Rc1 b6 12. Bg2 Bb7 13. Nf3 Nd4 14. b4
Qd6 15. Qe3 Nxf3+ 16. Bxf3 Bxf3 17. Qxf3 Qc6 18. Qxc6 1/2-1/2

[Event "XIV Miedzynarodowe Mistrzostwa Gdanska "]
[Site "Centrum Edukacji Nauczycieli "]
[Date "2012.??.??"]
[Round "9.6"]
[White "Olejarczyk, Bogdan"]
[Black "Janczarski, Michal"]
[Result "1/2-1/2"]
[WhiteElo "2117"]
[BlackElo "2357"]
[PlyCount "38"]
[EventDate "2012.??.??"]

1. d4 c5 2. e3 Nf6 3. Nf3 g6 4. Be2 Bg7 5. O-O b6 6. c4 O-O 7. Nc3 Bb7 8. d5 e6
9. e4 exd5 10. exd5 d6 11. Bg5 h6 12. Bh4 a6 13. a4 g5 14. Bg3 Nh7 15. Bd3 f5
16. Qe2 Bc8 17. Nd2 Ra7 18. f3 Qf6 19. Rae1 19... Rd8 {(...35)} 1/2-1/2